Biblioteka Instytutu Północnego w Olsztynie

Fryderyk II Wielki : (Rekord nr 27250)

Szczegóły MARC
000 -Nagłówek
fixed length control field 02419cam a2200625 i 4500
001 - Nr kontrolny bibl., która utworzyła rek.
control field xx005835959
003 - Siglum bibl., której nr kontr. jest w 001
control field NUKAT
005 - Data i czas ostatniej operacji
control field 20260324090234.0
008 - Elementy pola stałej długości
fixed length control field 250508s2025 pl a g |001 0dpol c
020 ## - ISBN
ISBN 9788368091151
dopowiedzenie (oprawa miękka)
035 ## - Systemowy numer kontrolny
systemowy numer kontrolny (NUKAT)xx005835959
040 ## - Instytucja sporządzająca opis
Instytucja, która sporządziła opis KAT U/ER
język katalgowania-trzyzn. kod pol
zasady opisu rda
Instytucja, która sporządziła rekord KAT U/ERs
Instytucja, która zmodyfikowała rekord KAT U/AF
041 1# - Kod nazwy języka dokumentu
Język tekstu pol
Language code of original ger
045 2# - Okres czasu dla zawartości
czas między r. 9999 pne a nasz. czas. d1712
-- d2022
046 ## - Kod rodz. daty, data1, data2 (daty pne)
Begin/single date 2011
100 1# - Hasło główne-nazwa osobowa
Nazwa osobowa Bömelburg, Hans-Jürgen
Daty biograficzne (1961- ).
rodzaj współpracy Autor
9 (RLIN) 24412
240 10 - Tytuł ujednolicony
tytuł ujednolicony Friedrich II. zwischen Deutschland und Polen
język tekstu (pol.)
245 10 - Tytuł właściwy i oznaczenie odpow.
tytuł Fryderyk II Wielki :
dodatek do tytułu Król Prus, zaborca Polski, przedmiot sporu i kultu /
dod. inf. ze s. tyt./ozn. odpow. Hans-Jürgen Bömelburg, Matthias Barelkowski ; przekład Justyna Górny ; wprowadzenie do polskiego wydania Edmund Kizik.
250 ## - Oznaczenie wydania
oznaczenie wydania Wydanie I.
260 ## - Adres wydawniczy
miejsce wydania, dystrybucji itp. Warszawa :
nazwa wydawcy, dystrybutora itp. Niemiecki Instytut Historyczny :
-- Wydawnictwo Naukowe Scholar,
data wydania, dystrybucji itp. 2025.
300 ## - Opis fizyczny
objętość i/lub forma materiału 422, [1] strona :
inne szczegóły opisu fizycznego ilustracje ;
format 21 cm.
336 ## - Content Type
Term Tekst
Code txt
Source rdacontent
337 ## - Media Type
Term Bez urządzenia pośredniczącego
Code n
Source rdamedia
338 ## - Carrier Type
Term Wolumin
Code nc
Source rdacarrier
380 ## - Form of work
Form of work Książki
380 ## - Form of work
Form of work Publikacje naukowe
388 1# - TIME PERIOD OF CREATION
Time period of creation term 2001-
490 1# - Tytuł serii i ks. wielotom.-nie do wysz.
oznaczenie serii Klio w Niemczech ;
numer woluminu 29
504 ## - Uwaga o bibliografii
uwaga o bibliografii Bibliografia na stronach 369-407. Indeks.
600 07 - Hasło przedmiotowe-nazwa osobowa
nazwa osobowa Fryderyk
numeracja II Wielki
tyt., in. dopowiedz. dot. nazwy (król Prus ;
daty biograficzne 1712-1786)
źródło hasła DBN
9 (RLIN) 37201
648 #7 - SUBJECT ADDED ENTRY--CHRONOLOGICAL TERM
Chronological term 1701-1800
Source of heading or term DBN
9 (RLIN) 36035
648 #7 - SUBJECT ADDED ENTRY--CHRONOLOGICAL TERM
Chronological term 1801-1900
Source of heading or term DBN
9 (RLIN) 36037
648 #7 - SUBJECT ADDED ENTRY--CHRONOLOGICAL TERM
Chronological term 1901-2000
Source of heading or term DBN
9 (RLIN) 34996
648 #7 - SUBJECT ADDED ENTRY--CHRONOLOGICAL TERM
Chronological term 2001-
Source of heading or term DBN
9 (RLIN) 36393
650 #7 - Hasło przedmiotowe-nazwa pospolita
nazwa pospolita lub geogr. Antypolonizm
źródło hasła DBN
9 (RLIN) 38851
650 #7 - Hasło przedmiotowe-nazwa pospolita
nazwa pospolita lub geogr. Historiografia niemiecka
źródło hasła DBN
9 (RLIN) 37327
650 #7 - Hasło przedmiotowe-nazwa pospolita
nazwa pospolita lub geogr. Historiografia polska
źródło hasła DBN
9 (RLIN) 38085
650 #7 - Hasło przedmiotowe-nazwa pospolita
nazwa pospolita lub geogr. Pamięć zbiorowa
źródło hasła DBN
9 (RLIN) 35450
650 #7 - Hasło przedmiotowe-nazwa pospolita
nazwa pospolita lub geogr. Polityka historyczna
źródło hasła DBN
9 (RLIN) 36913
650 #7 - Hasło przedmiotowe-nazwa pospolita
nazwa pospolita lub geogr. Władcy i władczynie
źródło hasła DBN
9 (RLIN) 35698
650 #7 - Hasło przedmiotowe-nazwa pospolita
nazwa pospolita lub geogr. Wpływ i recepcja
źródło hasła DBN
9 (RLIN) 36244
651 #7 - Hasło przedmiotowe-nazwa geogr.
nazwa geograficzna Niemcy
źródło hasła DBN
9 (RLIN) 35243
651 #7 - Hasło przedmiotowe-nazwa geogr.
nazwa geograficzna Polska
źródło hasła DBN
9 (RLIN) 35076
651 #7 - Hasło przedmiotowe-nazwa geogr.
nazwa geograficzna Prusy
źródło hasła DBN
9 (RLIN) 35118
655 #7 - Termin określający rodzaj/formę
rodzaj/forma Opracowanie
źródło terminu DBN
9 (RLIN) 35024
658 ## - Nazwa określająca cel programu nauczania
główny cel programu nauczania Historia
700 1# - Hasło dodatkowe - nazwa osobowa
nazwa osobowa Barełkowski, Matthias
daty biograficzne (1967- ).
rodzaj współpracy Autor
9 (RLIN) 38850
700 1# - Hasło dodatkowe - nazwa osobowa
nazwa osobowa Górny, Justyna.
rodzaj współpracy Tłumaczenie
9 (RLIN) 24413
700 1# - Hasło dodatkowe - nazwa osobowa
nazwa osobowa Kizik, Edmund
daty biograficzne (1960- ).
rodzaj współpracy Przedmowa
9 (RLIN) 19706
710 2# - Hasło dodatkowe - nazwa ciała zbior.
nazwa ciała zbior. lub nazwa geogr. Niemiecki Instytut Historyczny (Warszawa).
rodzaj współpracy Wydawca
kod rodzaju współpracy pbl
9 (RLIN) 26634
710 2# - Hasło dodatkowe - nazwa ciała zbior.
nazwa ciała zbior. lub nazwa geogr. Wydawnictwo Naukowe Scholar.
rodzaj współpracy Wydawca
kod rodzaju współpracy pbl
9 (RLIN) 18275
830 #0 - Hasło dod. serii i op. ks. wielotom. -tyt
tytuł Klio w Niemczech
oznaczenie tomu 29
9 (RLIN) 23347
920 ## - ISBN
ISBN 978-83-68091-15-1 (oprawa miękka)
942 ## - ADDED ENTRY ELEMENTS (KOHA)
Source of classification or shelving scheme Dewey Decimal Classification
Koha item type pozycje dostępne na miejscu
Egzemplarze
Status wycofania Status zagubienia Klasyfikacja Status uszkodzenia Blokada wypożyczeń Kolekcja Lokalizacja macierzysta Lokalizacja bieżąca Data nabycia Numer akcesji Źródło akcesji Cena Nr inwentarzowy il. wypożyczeń Sygnatura Kod kreskowy Date last seen Price effective from Typ egz.
    Dewey Decimal Classification nieuszkodzona   książka w magazynie Biblioteka Instytutu Północnego w Olsztynie Biblioteka Instytutu Północnego w Olsztynie 19/03/2026 K-30/2026 kupno 62.08 73919   73919 IPWK21447 24/03/2026 24/03/2026 pozycje dostępne na miejscu
Biblioteka Instytutu Północnego, ul. Partyzantów 87, 10-402 Olsztyn, email: biblioteka(at)ip.olsztyn.pl